1132 1208 1143 1135 1470 1068 1317 1920 1875 1282 1956 1627 1429 1747 1486 1353 1644 1958 1946 1166 1207 1405 1859 1939 1827 1574 1943 1035 1476 1477 1027 1580 1391 1459 1629 1753 1861 1361 1482 1453 1521 1090 1229 1836 1908 1667 1143 1607 1784 1873 1691 1250 1783 1271 1911 1574 1753 1895 1790 1687 1043 1633 1600 1722 1304 1797 1220 1547 1658 1268 1544 2000 1505 1278 1626 1993 1318 1857 1865 1303 1173 1164 1147 1396 1530 1373 1505 1370 1267 1305 1613 1563 1924 1850 1999 1958 1253 1565 1833 BCNSPRNW ULIB Ver.6.0+V

เปลี่ยนเป็นภาษาไทย

Change to English
 แสดงรายละเอียดบรรณานุกรม
  กลับหน้าหลัก

Brief Record : Get Marc (ISO 2709) : E-mail record : QR code < ปิดหน้าต่าง
LEADER : 00000nam 2200000uu 4500
001    13399122255
003     ULIB
008    130121s2548||||th 000 0 tha d
020    ^a9747248042
020    ^a9789747248043
050  4 ^aPN4129.T5^bส843น
100 0  ^aสุเมธ แสงนิ่มนวล
245 10 ^aแนวทางตัวอย่างการพูดในโอกาสต่างๆ.^n(ภาค 1) /^cสุเมธ แสงนิ่มนวล, ไอศูรย์ ดีรัตน์, รวบรวม
250    ^aพิมพ์ครั้งที่ 9
260    ^aกรุงเทพฯ :^bบุ๊คแบงก์,^c2548
300    ^a190 หน้า ;^c22 ซม.
650  4 ^aการพูด
650  4 ^aการพูดในชุมนุมชน
650  4 ^aวาทศิลป์
700 0  ^aไอศูนย์ ดีรัตน์
945    ^p130^l0^i19744
995    ^aทศพร
999    ^aทศพร เกษรทอง
รายการนี้ยังไม่มีแท็ก
คุณยังไม่ได้ล็อกอิน คุณสามารถมีกิจกรรมร่วมกับเว็บไซต์ได้ แต่ต้องล็อกอินก่อน ::
  ล็อกอิน

รายการสื่อสารสนเทศ

ลำดับที่ ประเภท เลขเรียก/บาร์โค้ด สถานที่ สถานะ
1. การศึกษาทั่วไป
การศึกษาทั่วไป
PN4129.T5 ส843น ฉ.1 
  Barcode: 19744
ห้องสมุดวิทยาเขตสวรรค์ประชารักษ์
►หนังสือทั่วไป
บนชั้น

รายการใกล้เคียง
    ผู้แต่ง [สุเมธ แสงนิ่มนวล]

    หัวเรื่อง [การพูด]
    หัวเรื่อง [การพูดในชุมนุมชน]
    หัวเรื่อง [วาทศิลป์]

BibComment


ยังไม่เคยถูกคอมเมนท์

คอมเมนท์ทรัพยากรรายการนี้
  คอมเมนท์: แนวทางตัวอย่างกา..


 Copyright 2026. Bcnsprnw @Library